000 00306nam a2200121Ia 4500
008 190216s9999||||xx |||||||||||||| ||und||
100 _aSharma S D
245 0 _aOperations Research
260 _bCalicut University Central Co-Operative
_c1993
300 _a185p
650 _aOperation Research
942 _cBK
999 _c5525
_d5525